| 000 | 00000nam 2200000zi 4500 |
| 001 | 9.953645 |
| 003 | CaOODSP |
| 005 | 20250819132108 |
| 006 | m o d f |
| 007 | cr cn |||||||| |
| 008 | 250728e20230509oncda ob f000 0 eng d |
| 040 | |aCaOODSP|beng|erda|cCaOODSP |
| 043 | |an-cn--- |
| 086 | 1 |aNR16-488/2-2023E-PDF |
| 100 | 1 |aChenier, Sylvie, |eauthor. |
| 245 | 13|aAn international collaborative research initiative on rolling contact fatigue and wear of rails and wheels : |byearly project review (March 2022-March 2023) : final technical report / |cprepared by Silvie Chenier and Eric Magel. |
| 250 | |aVersion: 1.0. |
| 264 | 1|aOttawa : |bNational Research Council Canada = Conseil national de recherches Canada, |cMay 9, 2023. |
| 264 | 4|c©2023 |
| 300 | |a1 online resource (vi, 66 pages) : |bcharts, illustrations |
| 336 | |atext|btxt|2rdacontent |
| 337 | |acomputer|bc|2rdamedia |
| 338 | |aonline resource|bcr|2rdacarrier |
| 500 | |a"Project: A1-019725." |
| 500 | |a"Report number: AST-2023-003." |
| 504 | |aIncludes bibliographical references (pages 64-65). |
| 650 | 0|aAlloys|xFatigue. |
| 650 | 0|aRailroad rails|xDefects. |
| 650 | 0|aRailroads|xResearch|zCanada. |
| 650 | 6|aAlliages|xFatigue. |
| 650 | 6|aRails|xDéfauts. |
| 650 | 6|aChemins de fer|xRecherche|zCanada. |
| 710 | 2 |aNational Research Council Canada, |eissuing body. |
| 856 | 40|qPDF|s2.84 MB|uhttps://publications.gc.ca/collections/collection_2025/cnrc-nrc/NR16-488-2-2023-eng.pdf |